[Event "PUR-ch"]
[Site "San Juan"]
[Date "2017.07.24"]
[Round "11"]
[White "Marina Santana, Cristian M"]
[Black "Schwabe Rivera, Ulrich"]
[Result "1/2-1/2"]
[WhiteElo "1518"]
[BlackElo "1713"]
[PlyCount "68"]
[EventDate "2017.07.14"]
[EventType "tourn"]
[EventRounds "11"]
[EventCountry "PUR"]
[SourceTitle "EXT 2018"]
[Source "ChessBase"]
[SourceDate "2017.10.13"]
[SourceVersion "1"]
[SourceVersionDate "2017.10.13"]
[SourceQuality "1"]

1. e4 e5 2. Nf3 Nc6 3. Bb5 a6 4. Ba4 Nf6 5. 0-0 Nxe4 6. d4 b5 7. Bb3 d5 8. Re1 Be7 9. dxe5 Be6 10. c3 0-0 11. Nbd2 Nc5 12. Bc2 Bg4 13. Nb3 Qd7 14. Nbd4 Nxd4 15. cxd4 Ne6 16. Qd3 g6 17. Bh6 Rfd8 18. Re3 Bf5 19. Qd2 Bxc2 20. Qxc2 c5 21. Qd1 cxd4 22. Nxd4 Nxd4 23. Qxd4 Qe6 24. Rc1 Rac8 25. Rec3 Rc4 26. Rxc4 dxc4 27. Qe3 Rd3 28. Qe4 Qd5 29. Qe2 Rd4 30. f3 g5 31. Kf1 Rd2 32. Qe3 Rd3 33. Qe2 Rd2 34. Qe3 Rd3 1/2-1/2

[Event "PUR-ch"]
[Site "San Juan"]
[Date "2017.07.23"]
[Round "10"]
[White "Velazquez Rivera, Pedro J"]
[Black "Marina Santana, Cristian M"]
[Result "0-1"]
[WhiteElo "1758"]
[BlackElo "1518"]
[PlyCount "56"]
[EventDate "2017.07.14"]
[EventType "tourn"]
[EventRounds "11"]
[EventCountry "PUR"]
[SourceTitle "EXT 2018"]
[Source "ChessBase"]
[SourceDate "2017.10.13"]
[SourceVersion "1"]
[SourceVersionDate "2017.10.13"]
[SourceQuality "1"]

1. c4 Nf6 2. Nc3 e5 3. g3 c6 4. Bg2 d5 5. cxd5 cxd5 6. d3 Nc6 7. Bg5 Be6 8. Bxf6 gxf6 9. Qb3 Qc7 10. Bxd5 Nd4 11. Qxb7 Qxb7 12. Bxb7 Rb8 13. e3 Nc2+ 14. Kd2 Nxa1 15. Bc6+ Bd7 16. Bxd7+ Kxd7 17. Kc1 Rc8 18. Nge2 Rb8 19. Kb1 Ba3 20. b3 Nxb3 21. axb3 Rxb3+ 22. Ka2 Rhb8 23. Rd1 Be7 24. Ka1 Bb4 25. Nb1 Rb6 26. Ka2 Bd6 27. Nec3 Rb2+ 28. Ka1 Rc2 0-1

[Event "PUR-ch"]
[Site "San Juan"]
[Date "2017.07.15"]
[Round "3"]
[White "Gerena Rivas, Eliam"]
[Black "Marina Santana, Cristian M"]
[Result "1/2-1/2"]
[WhiteElo "1914"]
[BlackElo "1518"]
[PlyCount "89"]
[EventDate "2017.07.14"]
[EventType "tourn"]
[EventRounds "11"]
[EventCountry "PUR"]
[SourceTitle "EXT 2018"]
[Source "ChessBase"]
[SourceDate "2017.10.13"]
[SourceVersion "1"]
[SourceVersionDate "2017.10.13"]
[SourceQuality "1"]

1. e4 d5 2. exd5 Qxd5 3. Nc3 Qa5 4. d4 Nf6 5. Nf3 Bg4 6. Bd2 c6 7. Bc4 e6 8. 0-0 Bd6 9. Ne4 Qd8 10. Nxd6+ Qxd6 11. c3 Nbd7 12. h3 Bh5 13. Re1 0-0-0 14. Bg5 h6 15. Bh4 Rhe8 16. Bg3 Bxf3 17. Qxf3 e5 18. Rad1 Nd5 19. Bb3 f6 20. Qh5 Qe7 21. Qf5 Qe6 22. Qg6 Qe7 23. c4 N5b6 24. Qg4 Kb8 25. Qe4 Nc8 26. dxe5 fxe5 27. Bc2 Nd6 28. Qe2 Nf7 29. Rd3 Ka8 30. Re3 Qc5 31. Bg6 Re7 32. Bxf7 Rxf7 33. Bxe5 Nxe5 34. Rxe5 Qd4 35. Re8 Rfd7 36. Rxd8+ Rxd8 37. b3 a6 38. Qf3 Qd2 39. Qe2 Qd4 40. Qe7 Qd2 41. Re2 Qc1+ 42. Re1 Qd2 43. Re2 Qc1+ 44. Re1 Qd2 45. Re2 1/2-1/2

[Event "PUR-ch"]
[Site "San Juan"]
[Date "2017.07.15"]
[Round "2"]
[White "Marina Santana, Cristian M"]
[Black "Mejias Nunez, Rafael E"]
[Result "0-1"]
[WhiteElo "1518"]
[BlackElo "1629"]
[PlyCount "72"]
[EventDate "2017.07.14"]
[EventType "tourn"]
[EventRounds "11"]
[EventCountry "PUR"]
[SourceTitle "EXT 2018"]
[Source "ChessBase"]
[SourceDate "2017.10.13"]
[SourceVersion "1"]
[SourceVersionDate "2017.10.13"]
[SourceQuality "1"]

1. e4 g6 2. d4 Bg7 3. Nf3 d6 4. Bc4 Nf6 5. Nc3 c6 6. 0-0 b5 7. Bd3 0-0 8. Be3 Bg4 9. h3 b4 10. hxg4 bxc3 11. bxc3 Nxg4 12. Bg5 Qc7 13. Nh2 Nxh2 14. Kxh2 e5 15. Be3 Nd7 16. g3 d5 17. Kg2 Nf6 18. Qf3 Rfe8 19. dxe5 Qxe5 20. Bd4 dxe4 21. Qe3 Qc7 22. Be2 Nd5 23. Qd2 Bxd4 24. cxd4 e3 25. Qc1 Re6 26. c4 exf2 27. cxd5 Rxe2 28. Rxf2 Rxf2+ 29. Kxf2 Qb6 30. dxc6 Qxd4+ 31. Kg2 Rc8 32. c7 Qd6 33. Qe3 Rxc7 34. a4 Rc2+ 35. Kg1 Qc6 36. Kf1 Qf6+ 0-1